[Event "World Rapid 2025"]
[Site "Doha QAT"]
[Date "2025.12.26"]
[Round "3.34"]
[White "Harikrishna, Pentala"]
[Black "Sanal, Vahap"]
[Result "1/2-1/2"]
[WhiteTitle "GM"]
[BlackTitle "GM"]
[WhiteElo "2693"]
[BlackElo "2546"]
[WhiteFideId "5007003"]
[BlackFideId "6300545"]
[EventDate "2025.12.26"]
[EventType "rapid"]

1. e4 e5 2. Nf3 Nc6 3. Bc4 Bc5 4. c3 Nf6 5. d3 a6 6. O-O d6 7. Bb3 Ba7 8. Nbd2
O-O 9. h3 h6 10. Re1 Ne7 11. Nf1 Ng6 12. Ng3 Be6 13. d4 Re8 14. Bc2 c6 15. Be3
Bb8 16. Qd2 Qe7 17. Rad1 Bc7 18. Qc1 Rad8 19. b3 Nh7 20. d5 Bc8 21. b4 Qf8 22.
c4 cxd5 23. cxd5 Bd7 24. a4 Rc8 25. Qd2 Bd8 26. Rc1 Nh4 27. Nxh4 Bxh4 28. a5 Qe7
29. Bd3 Bg5 30. Rxc8 Rxc8 31. Rc1 Qd8 32. Nf1 Bxe3 33. Nxe3 Nf6 34. Rxc8 Qxc8
35. Qc2 Qxc2 36. Bxc2 Bb5 37. g3 g6 38. Kg2 Kf8 39. Nd1 Ke7 40. Nc3 Ne8 41. Na4
Nc7 42. Nb6 Kd8 43. Kf3 Bf1 44. h4 Nb5 45. Ke3 Nd4 46. Bd3 Bh3 47. f4 f6 48. h5
g5 49. fxg5 fxg5 50. Nc4 Ke7 51. Na3 Bd7 52. Nc2 Nxc2+ 53. Bxc2 Bg4 54. Bd3 Bxh5
55. Bf1 Bg4 56. Kf2 Kf6 57. Bd3 Ke7 58. Bf1 h5 59. Bd3 Kf6 60. Bf1 Bd7 61. Be2
Kg6 62. Bd1 g4 63. Kg2 Bb5 64. Bc2 Kg5 65. Kf2 Kf6 66. Kg2 Ke7 67. Kf2 Kd8 68.
Kg2 Kc7 69. Kf2 b6 70. Kg2 Bc4 71. Kf2 b5 72. Kg2 Kd8 73. Kf2 Ke7 74. Kg2 Kf6
75. Kf2 Kg5 76. Bb1 Kf6 77. Bc2 Ke7 78. Bb1 Bb3 79. Bd3 Kd8 80. Bb1 Bd1 81. Bd3
Bf3 82. Ke3 1/2-1/2

[Event "World Rapid 2025"]
[Site "Doha QAT"]
[Date "2025.12.26"]
[Round "3.35"]
[White "Karthik, Venkataraman"]
[Black "Svane, Rasmus"]
[Result "1/2-1/2"]
[WhiteTitle "GM"]
[BlackTitle "GM"]
[WhiteElo "2589"]
[BlackElo "2608"]
[WhiteFideId "25006479"]
[BlackFideId "4657101"]
[EventDate "2025.12.26"]
[EventType "rapid"]

1. e4 e5 2. Nf3 Nc6 3. Nc3 Nf6 4. Bb5 Bb4 5. O-O O-O 6. d4 Bxc3 7. bxc3 Nxe4 8.
Bd3 d5 9. Nxe5 Nxe5 10. dxe5 Re8 11. Bxe4 dxe4 12. Qxd8 Rxd8 13. Bf4 Bf5 14.
Rfd1 Rxd1+ 15. Rxd1 Kf8 16. Kf1 Ke8 17. h3 Rd8 18. Rxd8+ Kxd8 19. Ke2 Kd7 20.
Ke3 Kc6 21. Kd4 h5 22. c4 b6 23. Bg5 Kd7 24. c5 Kc6 25. cxb6 axb6 26. c4 Kd7 27.
c5 b5 28. a3 c6 29. h4 1/2-1/2

[Event "World Rapid 2025"]
[Site "Doha QAT"]
[Date "2025.12.26"]
[Round "3.36"]
[White "Lu, Shanglei"]
[Black "Amar, Elham"]
[Result "1/2-1/2"]
[WhiteTitle "GM"]
[BlackTitle "GM"]
[WhiteElo "2643"]
[BlackElo "2592"]
[WhiteFideId "8603332"]
[BlackFideId "1533533"]
[EventDate "2025.12.26"]
[EventType "rapid"]

1. e4 c6 2. Nc3 d5 3. Nf3 dxe4 4. Nxe4 Nf6 5. Qe2 Nxe4 6. Qxe4 Nd7 7. Bc4 Nf6 8.
Ne5 e6 9. Qe2 b5 10. Bd3 Qc7 11. a4 Bd6 12. Nxc6 b4 13. Nd4 a6 14. Nf5 Be5 15.
Nxg7+ Kf8 16. Nh5 Nxh5 17. Qxh5 Bb7 18. Qh4 Bxg2 19. Rg1 Rg8 20. Bxh7 Bxh2 21.
d4 Bxg1 22. Bh6+ Ke8 23. Bxg8 Qxc2 24. Rc1 Qe4+ 25. Qxe4 Bxe4 26. Rc7 Bg6 27.
Bf4 Kf8 28. Bxf7 Bxf7 29. Kf1 Rd8 30. Be5 Bh2 31. Bxh2 Rxd4 32. Rc6 a5 33. Ra6
b3 34. Rxa5 Be8 35. Ra6 Kf7 36. Ra7+ Kf6 37. Ra5 1/2-1/2

[Event "World Rapid 2025"]
[Site "Doha QAT"]
[Date "2025.12.26"]
[Round "3.37"]
[White "Alexakis, Dimitris"]
[Black "Niemann, Hans Moke"]
[Result "0-1"]
[WhiteTitle "GM"]
[BlackTitle "GM"]
[WhiteElo "2544"]
[BlackElo "2725"]
[WhiteFideId "4277023"]
[BlackFideId "2093596"]
[EventDate "2025.12.26"]
[EventType "rapid"]

1. e4 c5 2. Nf3 d6 3. d4 cxd4 4. Nxd4 Nf6 5. f3 e5 6. Nb3 Nc6 7. c4 a5 8. Be3 a4
9. N3d2 Be7 10. Nc3 Qa5 11. Be2 O-O 12. O-O Nd4 13. Ndb1 Be6 14. Na3 Nxe2+ 15.
Qxe2 Rfc8 16. Rfc1 h6 17. Nd5 Nxd5 18. cxd5 Bd7 19. Qd2 Qa6 20. Rxc8+ Rxc8 21.
Rc1 Rxc1+ 22. Qxc1 Bd8 23. Kf2 Bh4+ 24. g3 Bd8 25. Qc4 b5 26. Qd3 Qb7 27. Nc2 b4
28. Qc4 Ba5 29. Qd3 Bb5 30. Qd2 Qc8 31. g4 b3 32. Qxa5 Qxc2+ 33. Kg3 bxa2 0-1

[Event "World Rapid 2025"]
[Site "Doha QAT"]
[Date "2025.12.26"]
[Round "3.38"]
[White "Alekseenko, Kirill"]
[Black "Orozbaev, Eldiyar"]
[Result "0-1"]
[WhiteTitle "GM"]
[BlackTitle "IM"]
[WhiteElo "2659"]
[BlackElo "2348"]
[WhiteFideId "4135539"]
[BlackFideId "13802240"]
[EventDate "2025.12.26"]
[EventType "rapid"]

1. e4 e6 2. d4 d5 3. e5 c5 4. c3 Nc6 5. Nf3 Nge7 6. Be2 Nf5 7. O-O cxd4 8. cxd4
Qb6 9. Nc3 Nfxd4 10. Be3 Nxe2+ 11. Qxe2 Qd8 12. Rfd1 Bd7 13. Rd3 Be7 14. Rad1
O-O 15. h4 Qe8 16. Bg5 Rc8 17. a3 Kh8 18. Bxe7 Qxe7 19. Re3 f6 20. exf6 Qxf6 21.
Ng5 h6 22. Rf3 Nd4 23. Rxd4 Qxd4 24. Nxe6 Bxe6 25. Qxe6 Rfe8 26. Qh3 Re1+ 27.
Kh2 Qe5+ 28. g3 Rd8 29. Rf5 Qe6 30. g4 d4 31. Nb5 d3 0-1

[Event "World Rapid 2025"]
[Site "Doha QAT"]
[Date "2025.12.26"]
[Round "3.39"]
[White "Motylev, Alexander"]
[Black "Raja, Harshit"]
[Result "1-0"]
[WhiteTitle "GM"]
[BlackTitle "GM"]
[WhiteElo "2573"]
[BlackElo "2472"]
[WhiteFideId "4121830"]
[BlackFideId "5089000"]
[EventDate "2025.12.26"]
[EventType "rapid"]

1. d4 Nf6 2. g3 d5 3. Nf3 g6 4. c4 c6 5. Nc3 Bg7 6. Qb3 O-O 7. Bg2 a5 8. cxd5
cxd5 9. O-O Nc6 10. Bf4 Ne4 11. Rfd1 Nxc3 12. bxc3 a4 13. Qb2 Qa5 14. Rac1 b5
15. Ne1 Rd8 16. Nd3 Bf5 17. Nb4 Nxb4 18. cxb4 a3 19. Qb3 Qa4 20. Qxa4 Rxa4 21.
Bc7 Rc8 22. Ba5 Rxc1 23. Rxc1 e6 24. e4 Bxe4 25. Bf1 Bf8 26. Bxb5 Rxb4 27. Bxb4
Bxb4 28. Kf1 g5 29. h3 Kg7 30. Ke2 Bg2 31. Rg1 Bxh3 32. g4 Bd6 33. f3 f5 34.
gxf5 Bxf5 35. Rxg5+ Kf6 36. Rh5 Bb1 37. Kd2 Bxa2 38. Rh6+ Kg5 39. Rxe6 Bb4+ 40.
Kc2 h5 41. Re5+ Kf4 42. Rxh5 Kxf3 43. Re5 Kf4 44. Re8 Kf5 45. Bd3+ Kf4 46. Rb8
Bd6 47. Rb6 Be7 48. Kc3 Kg5 49. Re6 Bf8 50. Re2 1-0

[Event "World Rapid 2025"]
[Site "Doha QAT"]
[Date "2025.12.26"]
[Round "3.40"]
[White "Chigaev, Maksim"]
[Black "Piliposyan, Robert"]
[Result "1/2-1/2"]
[WhiteTitle "GM"]
[BlackTitle "IM"]
[WhiteElo "2626"]
[BlackElo "2442"]
[WhiteFideId "4108116"]
[BlackFideId "13309978"]
[EventDate "2025.12.26"]
[EventType "rapid"]

1. e4 e6 2. d3 d5 3. Nd2 Nc6 4. Ngf3 Nf6 5. Be2 e5 6. O-O Be7 7. c3 a5 8. a4 O-O
9. Qc2 Re8 10. Re1 Bc5 11. h3 h6 12. Bf1 b6 13. exd5 Qxd5 14. Ne4 Nxe4 15. dxe4
Qe6 16. Bb5 Ba6 17. Bxa6 Rxa6 18. Be3 Bxe3 19. Rxe3 Raa8 20. Rd1 Rad8 21. Red3
Rxd3 22. Rxd3 Rd8 23. Qd1 Rd6 24. Rxd6 cxd6 25. Qd3 Qb3 26. Qxd6 Qxa4 27. Qd5
Kh7 28. Kh2 Nb8 29. Nxe5 Qc2 30. Ng4 Qxb2 31. Qxf7 Qxc3 32. e5 Qc8 33. Nf6+ Kh8
34. Ne8 Qd7 35. e6 Qxf7 36. exf7 Nd7 37. Nc7 a4 38. Nb5 g5 39. h4 Kg7 40. hxg5
hxg5 41. Kg3 Kxf7 42. f4 Kf6 43. Kg4 gxf4 44. Kxf4 Ne5 45. Ke4 Nc4 46. Kd5 a3
47. Nxa3 Nxa3 48. Kc6 b5 49. Kc5 Ke5 50. g4 Kf4 51. Kb4 Kxg4 52. Kxa3 b4+ 53.
Kxb4 1/2-1/2

[Event "World Rapid 2025"]
[Site "Doha QAT"]
[Date "2025.12.26"]
[Round "3.41"]
[White "Sklokin, Sergey"]
[Black "Kozak, Adam"]
[Result "0-1"]
[WhiteTitle "FM"]
[BlackTitle "GM"]
[WhiteElo "2407"]
[BlackElo "2546"]
[WhiteFideId "55730230"]
[BlackFideId "753246"]
[EventDate "2025.12.26"]
[EventType "rapid"]

1. e4 c5 2. Nf3 d6 3. d4 cxd4 4. Nxd4 Nf6 5. Nc3 Nc6 6. Bg5 Bd7 7. Qd2 Rc8 8. f3
Nxd4 9. Qxd4 Qa5 10. Be3 a6 11. a4 g6 12. Qb6 Qxb6 13. Bxb6 Bg7 14. Bd4 O-O 15.
Bd3 Rfd8 16. a5 Bc6 17. Ne2 Re8 18. c4 e6 19. Kf2 d5 20. exd5 exd5 21. c5 Nd7
22. Bxg7 Nxc5 23. Bxg6 fxg6 24. Bc3 Nd3+ 25. Kf1 Nxb2 26. Nd4 Nd3 27. Rd1 Nf4
28. Bd2 Ba4 29. Re1 Rxe1+ 30. Kxe1 Nxg2+ 31. Kf2 Rc4 32. Kxg2 Rxd4 33. Bg5 Kg7
34. Re1 h6 35. Bd8 Bc6 36. Re7+ Kg8 37. Re6 Kf7 38. Re7+ Kf8 39. Re6 Rd2+ 40.
Kg3 Rd1 41. Kg2 Kf7 42. Re7+ Kg8 43. Re6 Kg7 44. Re7+ Kf8 45. Re6 d4 46. Rxg6
Ke8 47. Bb6 d3 48. Rxh6 Rd2+ 49. Kg3 Re2 50. Rh8+ Kf7 51. Rd8 d2 52. Kf4 Ba4 53.
h4 d1=Q 54. Rxd1 Bxd1 55. h5 Rh2 56. Kg4 Bxf3+ 57. Kxf3 Rxh5 58. Ke4 Ke6 59. Kd4
Kd6 60. Bd8 Kc6 61. Kc4 Rf5 62. Kb4 Rf4+ 63. Kb3 Kb5 64. Bc7 Ra4 0-1

[Event "World Rapid 2025"]
[Site "Doha QAT"]
[Date "2025.12.26"]
[Round "3.42"]
[White "Bu, Xiangzhi"]
[Black "Dau Khuong Duy"]
[Result "1-0"]
[WhiteTitle "GM"]
[BlackTitle "IM"]
[WhiteElo "2665"]
[BlackElo "2489"]
[WhiteFideId "8601445"]
[BlackFideId "12424722"]
[EventDate "2025.12.26"]
[EventType "rapid"]

1. Nf3 Nf6 2. c4 g6 3. g3 Bg7 4. Bg2 O-O 5. O-O d6 6. d4 c6 7. Nc3 Bf5 8. b3 Ne4
9. Bb2 Nxc3 10. Bxc3 Be4 11. Qd2 Nd7 12. Rfd1 Nf6 13. Qe3 d5 14. Bh3 Bxf3 15.
Qxf3 e6 16. Qd3 Ne4 17. Be1 Re8 18. Rac1 Bf8 19. f3 Nf6 20. Bc3 a5 21. Kh1 Bb4
22. Bb2 Qe7 23. e4 Ba3 24. Bxa3 Qxa3 25. e5 Nh5 26. Qd2 a4 27. b4 dxc4 28. Rxc4
Qxf3+ 29. Bg2 Qg4 30. Rf1 Rad8 31. Bf3 Qh3 32. Kg1 Nxg3 33. hxg3 Qxg3+ 34. Qg2
Qh4 35. Qf2 Qxf2+ 36. Rxf2 b5 37. Rc5 Rxd4 38. Bxc6 Rb8 39. a3 Rd1+ 40. Kg2 Ra1
41. Rxb5 Rc8 42. Rb6 Rxa3 43. b5 Re3 44. Rb7 Rf8 45. Rc7 Rb3 46. Rf3 Rb4 47. Ra7
g5 48. Ra3 Rd8 49. R7xa4 Rb2+ 50. Kf3 Rdd2 51. Ke3 Rh2 52. Kd4 g4 53. Kc5 h5 54.
Rf4 Rhd2 55. Ra8+ Kg7 56. Ra7 Kg6 57. Rfxf7 Kg5 58. Rf6 Kh4 59. Rh7 g3 60. Bf3
g2 61. Rg6 1-0

[Event "World Rapid 2025"]
[Site "Doha QAT"]
[Date "2025.12.26"]
[Round "3.43"]
[White "Henriquez Villagra, Cristobal"]
[Black "Ahmad, Khagan"]
[Result "1-0"]
[WhiteTitle "GM"]
[BlackTitle "IM"]
[WhiteElo "2598"]
[BlackElo "2472"]
[WhiteFideId "3409350"]
[BlackFideId "13431552"]
[EventDate "2025.12.26"]
[EventType "rapid"]

1. e4 c5 2. Nf3 d6 3. d4 cxd4 4. Nxd4 Nf6 5. Nc3 a6 6. h3 e6 7. g4 Be7 8. Bg2
Nfd7 9. Nce2 Nc6 10. Be3 Nde5 11. b3 g5 12. Qd2 Bd7 13. Nxc6 Bxc6 14. Nd4 Bd7
15. Nf3 Nxf3+ 16. Bxf3 Bc6 17. Rd1 Rg8 18. c4 Qc7 19. a4 a5 20. Ke2 b6 21. h4 h5
22. hxg5 hxg4 23. Bxg4 Bxe4 24. f3 Bg6 25. Qd4 Bc2 26. Rc1 Bxb3 27. Rh7 Rf8 28.
g6 O-O-O 29. Rxf7 Rxf7 30. Bxe6+ Kb7 31. gxf7 d5 32. cxd5 Qh2+ 33. Bf2 Bc5 34.
Rxc5 bxc5 35. Qb2 c4 36. Qg7 Ka6 37. f8=Q Rxf8 38. Qa7# 1-0

[Event "World Rapid 2025"]
[Site "Doha QAT"]
[Date "2025.12.26"]
[Round "3.44"]
[White "Zverev, Lev"]
[Black "Andreikin, Dmitry"]
[Result "0-1"]
[WhiteTitle "IM"]
[BlackTitle "GM"]
[WhiteElo "2453"]
[BlackElo "2710"]
[WhiteFideId "24250775"]
[BlackFideId "4158814"]
[EventDate "2025.12.26"]
[EventType "rapid"]

1. e4 e5 2. Nf3 Nc6 3. Bc4 d6 4. d4 Nf6 5. Nc3 Bg4 6. d5 Nd4 7. Be3 Nxf3+ 8.
gxf3 Bd7 9. Qd2 g6 10. O-O-O Bg7 11. Ne2 Nh5 12. Ng3 Nf4 13. Bxf4 exf4 14. Qxf4
h5 15. Qe3 Qf6 16. Qb3 O-O 17. Kb1 b5 18. Be2 a5 19. Rhg1 b4 20. e5 Qxe5 21. f4
Qf6 22. Ne4 Qxf4 23. Qc4 Qe5 24. c3 Rfb8 25. f4 Qe7 26. Qd3 Bf5 27. Bf3 bxc3 28.
b3 a4 0-1

[Event "World Rapid 2025"]
[Site "Doha QAT"]
[Date "2025.12.26"]
[Round "3.45"]
[White "Mamedyarov, Shakhriyar"]
[Black "Christiansen, Johan-Sebastian"]
[Result "0-1"]
[WhiteTitle "GM"]
[BlackTitle "GM"]
[WhiteElo "2730"]
[BlackElo "2655"]
[WhiteFideId "13401319"]
[BlackFideId "1512668"]
[EventDate "2025.12.26"]
[EventType "rapid"]

1. Nf3 Nf6 2. b3 d6 3. d4 g6 4. Bb2 Bg7 5. g3 O-O 6. Bg2 a5 7. a4 Bf5 8. O-O Nc6
9. Na3 Qc8 10. Re1 Be4 11. Bf1 Bxf3 12. exf3 d5 13. Qd2 e6 14. c4 dxc4 15. bxc4
Rd8 16. Qe3 Qd7 17. Rad1 Ne7 18. Qb3 Nf5 19. Nc2 c6 20. Bc3 h5 21. Bh3 Ne8 22.
Rd2 Nc7 23. Qb6 Nd6 24. Ne3 Ra6 25. Qb2 Bh6 26. d5 cxd5 27. cxd5 Qxa4 28. dxe6
Nxe6 29. Nd5 Ng5 30. Bg2 Nh7 31. Ne7+ Kf8 32. Be5 Qb4 33. Nxg6+ Kg8 34. Ne7+ Kf8
35. Qxb4 axb4 36. Rdd1 Bg7 37. f4 Bxe5 38. Rxe5 b3 39. Nf5 b2 40. Be4 Nf6 41.
Bb1 Ra1 42. Kg2 Nfe8 43. Red5 Rc8 44. Nxd6 Nxd6 45. Rxd6 Rc1 46. R1d2 Rcxb1 47.
Kh3 Ra6 48. Rd8+ Kg7 49. Re2 h4 50. Rdd2 hxg3 51. fxg3 Rh6+ 52. Kg2 Rg1+ 0-1

[Event "World Rapid 2025"]
[Site "Doha QAT"]
[Date "2025.12.26"]
[Round "3.46"]
[White "Dominguez Perez, Leinier"]
[Black "Stefansson, Vignir Vatnar"]
[Result "1-0"]
[WhiteTitle "GM"]
[BlackTitle "GM"]
[WhiteElo "2738"]
[BlackElo "2519"]
[WhiteFideId "3503240"]
[BlackFideId "2308649"]
[EventDate "2025.12.26"]
[EventType "rapid"]

1. e4 e6 2. d4 d5 3. Nc3 Be7 4. Nf3 Nf6 5. Bd3 c5 6. exd5 exd5 7. dxc5 Bxc5 8.
O-O O-O 9. Bg5 Be6 10. Qd2 Nc6 11. Rfe1 Re8 12. h3 h6 13. Bh4 Rc8 14. a3 a6 15.
Re2 b5 16. Rae1 Be7 17. Ne5 d4 18. Nxc6 Rxc6 19. Ne4 Rc8 20. Bxf6 Bxf6 21. Nxf6+
Qxf6 22. Qa5 Bd7 23. Rxe8+ Rxe8 24. Rxe8+ Bxe8 25. Qc7 Qe6 26. Qf4 Qd5 27. Qb8
Kf8 28. Qb6 Bc6 29. f3 Qd7 30. Qxa6 g5 31. Qb6 Kg7 32. Qc5 Kf6 33. Kf2 Kg7 34.
Qe5+ f6 35. Qf5 Qxf5 36. Bxf5 1-0

[Event "World Rapid 2025"]
[Site "Doha QAT"]
[Date "2025.12.26"]
[Round "3.47"]
[White "So, Wesley"]
[Black "Oro, Faustino"]
[Result "1-0"]
[WhiteTitle "GM"]
[BlackTitle "IM"]
[WhiteElo "2753"]
[BlackElo "2503"]
[WhiteFideId "5202213"]
[BlackFideId "20000197"]
[EventDate "2025.12.26"]
[EventType "rapid"]

1. Nf3 d5 2. b3 Nf6 3. Bb2 Bf5 4. Nh4 Bd7 5. g3 c5 6. Bg2 e6 7. c4 Bc6 8. cxd5
Bxd5 9. Bxf6 Qxf6 10. Bxd5 exd5 11. Nc3 d4 12. Ne4 Qe6 13. Qc2 Be7 14. Nf5 O-O
15. Nxc5 Bxc5 16. Qxc5 Nd7 17. Qd5 d3 18. Qxe6 fxe6 19. Nd6 b6 20. Rc1 Rad8 21.
Ne4 Rf5 22. Rc3 dxe2 23. Kxe2 Rd5 24. Rd1 Ne5 25. d3 Ng4 26. h3 Nf6 27. Nxf6+
gxf6 28. Rc7 R8d7 29. Rxd7 Rxd7 30. Rc1 Kf7 31. Ke3 e5 32. Rc4 h5 33. f4 exf4+
34. Rxf4 Re7+ 35. Re4 Rc7 36. Rc4 Re7+ 37. Kd2 Kg6 38. Re4 Rc7 39. d4 Kf5 40.
Re2 Rg7 41. Re3 h4 42. Rf3+ Ke6 43. g4 Rd7 44. Kd3 Rc7 45. Re3+ Kd6 46. Rf3 Ke6
47. d5+ Kxd5 48. Rxf6 Rc1 49. Rf5+ Ke6 50. Rh5 Ra1 51. a4 Rb1 52. Kc2 Rg1 53.
Rxh4 Rg3 54. Rh5 Kd6 55. g5 Ke5 56. h4 Kd4 57. Rh7 Rg2+ 58. Kd1 a5 59. Rc7 Ke3
60. Kc1 Kd3 61. Rc6 Rg4 62. Rc4 Rg2 63. Kb1 Ke3 64. Rc6 Rg4 65. Rxb6 Rxh4 66.
Rb5 Kd3 67. Kb2 Rh2+ 68. Ka3 1-0

[Event "World Rapid 2025"]
[Site "Doha QAT"]
[Date "2025.12.26"]
[Round "3.48"]
[White "Dubov, Daniil"]
[Black "Tsaruk, Maksim"]
[Result "1/2-1/2"]
[WhiteTitle "GM"]
[BlackTitle "GM"]
[WhiteElo "2672"]
[BlackElo "2515"]
[WhiteFideId "24126055"]
[BlackFideId "13511173"]
[EventDate "2025.12.26"]
[EventType "rapid"]

1. d4 Nf6 2. Nf3 b6 3. c4 e6 4. g3 Bb7 5. Bg2 Be7 6. O-O O-O 7. d5 exd5 8. Nd4
c6 9. cxd5 Nxd5 10. e4 Nc7 11. Nc3 d5 12. Bf4 Nba6 13. Nxc6 Bxc6 14. exd5 Bb7
15. d6 Bxg2 16. dxe7 Qxe7 17. Kxg2 Ne6 18. Be3 Nb4 19. Qe2 Qb7+ 20. Kg1 Rfe8 21.
Qg4 Nc2 22. Rad1 Nxe3 23. fxe3 Rad8 24. Ne4 Rxd1 25. Rxd1 Rf8 26. Nf6+ Kh8 27.
Qe4 Qxe4 28. Nxe4 Rd8 29. Rxd8+ Nxd8 30. Nd6 g6 31. Kf2 Kg7 32. Kf3 Kf6 33. Nb5
Nc6 34. Ke4 Ke6 35. g4 h6 36. a3 a5 37. b3 Ne7 38. Nd4+ Kd6 39. h4 Nd5 40. Kf3
Nc3 41. h5 Ke5 42. g5 gxh5 43. Nc6+ Kf5 44. gxh6 Kg6 45. Ne5+ Kxh6 46. Nxf7+ Kg7
47. Ne5 a4 48. bxa4 Nxa4 49. Kf4 Kf6 50. Nd7+ Ke6 51. Nxb6 Nxb6 52. Kg5 Nc4 53.
e4 Nxa3 54. e5 Kxe5 55. Kxh5 1/2-1/2

[Event "World Rapid 2025"]
[Site "Doha QAT"]
[Date "2025.12.26"]
[Round "3.49"]
[White "Dudin, Gleb"]
[Black "Maghsoodloo, Parham"]
[Result "1/2-1/2"]
[WhiteTitle "GM"]
[BlackTitle "GM"]
[WhiteElo "2585"]
[BlackElo "2708"]
[WhiteFideId "34184934"]
[BlackFideId "12539929"]
[EventDate "2025.12.26"]
[EventType "rapid"]

1. c4 e5 2. Nc3 Nf6 3. Nf3 Nc6 4. e3 d5 5. cxd5 Nxd5 6. Bb5 Nxc3 7. bxc3 Bd6 8.
d4 Bd7 9. O-O O-O 10. Rb1 Bf5 11. Rb2 Qe7 12. Bxc6 bxc6 13. dxe5 Bxe5 14. Nxe5
Qxe5 15. Qd4 Qa5 16. e4 c5 17. Qe5 Bg6 18. Be3 Rfe8 19. Qxc5 Qxc5 20. Bxc5 Bxe4
21. Re1 Bd5 22. Rxe8+ Rxe8 23. f3 a6 24. Kf2 f6 25. a3 Kf7 26. Re2 Rxe2+ 27.
Kxe2 1/2-1/2

[Event "World Rapid 2025"]
[Site "Doha QAT"]
[Date "2025.12.26"]
[Round "3.50"]
[White "Sevian, Samuel"]
[Black "Lobanov, Sergei"]
[Result "1-0"]
[WhiteTitle "GM"]
[BlackTitle "GM"]
[WhiteElo "2688"]
[BlackElo "2527"]
[WhiteFideId "2040506"]
[BlackFideId "24183750"]
[EventDate "2025.12.26"]
[EventType "rapid"]

1. e4 e5 2. Nf3 Nc6 3. Bc4 Bc5 4. c3 Nf6 5. d3 d6 6. Bg5 h6 7. Bh4 a5 8. Nbd2
Ba7 9. a4 g5 10. Bg3 Bd7 11. Rb1 Qe7 12. O-O O-O 13. Re1 Kg7 14. d4 Nh5 15. Nxe5
dxe5 16. Qxh5 exd4 17. Nf3 f6 18. Nxd4 Nxd4 19. cxd4 Bxd4 20. e5 Bxe5 21. Rbc1
Be8 22. Qf3 c6 23. Qc3 Bf7 24. Bxe5 fxe5 25. Rxe5 Qf6 26. Bxf7 Rxf7 27. f3 b6
28. Rd1 Kg8 29. h3 Raf8 30. Qe1 Qf4 31. b3 Qb4 32. Qe3 Rf6 33. Rd7 R8f7 34. Rd4
Qa3 35. Rd8+ Kg7 36. Kh2 Qb4 37. Rd4 Qf8 38. Rd3 Qb8 39. Kh1 Rd6 40. Rxd6 Qxd6
41. Re6 Qd1+ 42. Kh2 Qd5 43. Qc3+ Kh7 44. Rxc6 b5 45. Qc2+ Qf5 46. axb5 Qxc2 47.
Rxc2 Rf5 48. Rc7+ Kg6 49. Rc6+ Kg7 50. Rb6 h5 51. Kg3 Rd5 52. h4 g4 53. Kf4 gxf3
54. gxf3 Rd4+ 55. Kg5 Rb4 56. Rb7+ Kf8 57. f4 Rxb3 58. f5 a4 59. Kxh5 a3 60. Kg6
Rg3+ 61. Kf6 Kg8 62. Ra7 Rb3 63. h5 Rxb5 64. Kg6 Rb8 65. f6 a2 66. Rxa2 1-0

[Event "World Rapid 2025"]
[Site "Doha QAT"]
[Date "2025.12.26"]
[Round "3.51"]
[White "Murzin, Volodar"]
[Black "Saraci, Nderim"]
[Result "0-1"]
[WhiteTitle "GM"]
[BlackTitle "IM"]
[WhiteElo "2648"]
[BlackElo "2461"]
[WhiteFideId "44155573"]
[BlackFideId "6351921"]
[EventDate "2025.12.26"]
[EventType "rapid"]

1. d4 Nf6 2. Nf3 d5 3. Bf4 c5 4. e3 Nc6 5. Nbd2 cxd4 6. exd4 Qb6 7. Nb3 Bg4 8.
Be2 e6 9. h3 Bh5 10. O-O Be7 11. c3 O-O 12. Re1 Rfe8 13. a4 a6 14. a5 Qa7 15.
Bd3 Bg6 16. Bxg6 hxg6 17. Ne5 Nxe5 18. dxe5 Nd7 19. Be3 Qb8 20. Bd4 Qc7 21. Nd2
b6 22. axb6 Nxb6 23. Nf3 Reb8 24. b3 Nd7 25. Re2 Nc5 26. b4 Ne4 27. Qd3 Qb7 28.
Rea2 Rc8 29. Ne1 Rc4 30. Nc2 Rac8 31. Rxa6 Nxc3 32. Ra7 Rxd4 33. Nxd4 Qxb4 34.
Qa6 Qxd4 35. Qxc8+ Kh7 36. Ra8 g5 37. Qc7 Ne2+ 38. Kf1 Bc5 39. Qxf7 Nf4 40. R8a2
Qd3+ 41. Kg1 Qe4 42. Kf1 Qxg2+ 43. Ke1 Qe4+ 44. Kd1 Qd3+ 45. Kc1 Qc3+ 46. Kb1
Qe1+ 47. Kc2 Qe4+ 48. Kd1 Qd3+ 49. Kc1 Bd4 50. Qb7 Qf1+ 51. Kc2 Bxa1 52. Ra7
Qd3+ 0-1

[Event "World Rapid 2025"]
[Site "Doha QAT"]
[Date "2025.12.26"]
[Round "3.52"]
[White "Peyrer, Konstantin"]
[Black "Bortnyk, Olexandr"]
[Result "0-1"]
[WhiteTitle "IM"]
[BlackTitle "GM"]
[WhiteElo "2496"]
[BlackElo "2601"]
[WhiteFideId "1640879"]
[BlackFideId "14120828"]
[EventDate "2025.12.26"]
[EventType "rapid"]

1. d4 Nf6 2. c4 g6 3. Nc3 Bg7 4. e4 d6 5. Be2 O-O 6. Be3 Na6 7. h3 e5 8. d5 Nc5
9. Qc2 a5 10. Nf3 Nh5 11. Bxc5 dxc5 12. O-O-O Ra6 13. g3 Qe7 14. Nh4 Nf6 15. Ng2
Ne8 16. h4 h5 17. Ne1 Nd6 18. Nd3 b6 19. b3 a4 20. f3 f5 21. Nf2 Bh6+ 22. Kb2
Be3 23. Nh3 Bd4 24. Ng5 Bd7 25. Bd3 Rfa8 26. Ra1 b5 27. cxb5 Bxb5 28. Rhb1 axb3
29. axb3 c4 30. bxc4 Rxa1 31. Rxa1 Nxc4+ 32. Bxc4 Qb4+ 33. Bb3 Rxa1 34. Kxa1
Bxc3+ 35. Kb1 Bc4 0-1

[Event "World Rapid 2025"]
[Site "Doha QAT"]
[Date "2025.12.26"]
[Round "3.53"]
[White "Ponomariov, Ruslan"]
[Black "Erdogmus, Yagiz Kaan"]
[Result "1/2-1/2"]
[WhiteTitle "GM"]
[BlackTitle "GM"]
[WhiteElo "2639"]
[BlackElo "2658"]
[WhiteFideId "14103320"]
[BlackFideId "44599790"]
[EventDate "2025.12.26"]
[EventType "rapid"]

1. Nf3 c5 2. c4 Nf6 3. g3 b6 4. Bg2 Bb7 5. O-O g6 6. b3 Bg7 7. Bb2 O-O 8. Nc3 d5
9. Nxd5 Nxd5 10. Bxg7 Kxg7 11. cxd5 Qxd5 12. d4 cxd4 13. Qxd4+ Qxd4 14. Nxd4
Bxg2 15. Kxg2 Rc8 16. Rac1 Na6 17. Rfd1 Rxc1 18. Rxc1 Rd8 19. e3 e5 20. Nf3 f6
21. Kf1 Rd7 22. Ke2 Nc5 23. g4 Kf7 24. h4 Ke6 25. b4 Ne4 26. Rc6+ Rd6 27. Rc7
Rd7 28. Rc6+ Rd6 29. Rc7 1/2-1/2

[Event "World Rapid 2025"]
[Site "Doha QAT"]
[Date "2025.12.26"]
[Round "3.54"]
[White "Samadov, Read"]
[Black "Martirosyan, Haik M."]
[Result "1/2-1/2"]
[WhiteTitle "IM"]
[BlackTitle "GM"]
[WhiteElo "2510"]
[BlackElo "2625"]
[WhiteFideId "13417444"]
[BlackFideId "13306553"]
[EventDate "2025.12.26"]
[EventType "rapid"]

1. d4 Nf6 2. c4 e6 3. Nf3 b6 4. g3 Ba6 5. Qa4 Bb7 6. Bg2 c5 7. dxc5 bxc5 8. O-O
Be7 9. Rd1 O-O 10. Bf4 Qb6 11. Nc3 Rd8 12. Rd2 Nc6 13. Qb5 Na5 14. b3 d5 15.
cxd5 Nxd5 16. Qxb6 axb6 17. Nxd5 Bxd5 18. Rad1 c4 19. Bc7 Rdc8 20. Bxb6 cxb3 21.
axb3 Nxb3 22. Rb2 Rab8 23. Ba7 Rb7 24. Nd2 Rxa7 25. Nxb3 Bf6 26. Rbb1 Bc4 27.
Rdc1 Ba6 28. Rxc8+ Bxc8 29. Rc1 Bd7 30. Bc6 Bxc6 1/2-1/2